[Event "Airthings Masters - Preliminari"]
[Site "Internet"]
[Date "19.02.2022"]
[Round "1"]
[White "Carlsen, Magnus"]
[Black "Artemiev, Vladislav"]
[Result "1-0"]
[WhiteElo "2865"]
[BlackElo "2700"]
[EventDate "19.02.2022"]

1. g3 Nf6 2. Bg2 d5 3. Nf3 g6 4. O-O Bg7 5. c4 dxc4 6. Na3 O-O 7. Nxc4 c5
8. b3 Nc6 9. Bb2 Be6 10. Rc1 Rc8 11. d3 b6 12. Qd2 Qd7 13. Rfd1 Rfd8 14.
Nfe5 Nxe5 15. Nxe5 Qd6 16. b4 Nd7 17. Nxd7 Bxb2 18. Qxb2 Bxd7 19. bxc5 Rxc5
20. Rxc5 Qxc5 21. Rc1 Qd6 22. h4 Rc8 23. Rxc8+ Bxc8 24. d4 Bd7 25. e4 f6
26. f4 e5 27. fxe5 fxe5 28. d5 a5 29. Kh2 b5 30. Bh3 Bxh3 31. Kxh3 b4 32.
Qc2 Qd7+ 33. Kg2 Kf7 34. Qf2+ Kg7 35. Qc5 Qg4 36. Qe7+ Kh6 37. Qf8+ Kh5 38.
Qf3 a4 39. d6 b3 40. Qxg4+ Kxg4 41. d7 bxa2 42. d8=Q 1-0

[Event "Airthings Masters - Preliminari"]
[Site "Internet"]
[Date "19.02.2022"]
[Round "1"]
[White "Abdusattorov, Nodirbek"]
[Black "Giri, Anish"]
[Result "1/2-1/2"]
[WhiteElo "2651"]
[BlackElo "2772"]
[EventDate "19.02.2022"]

1. c4 Nf6 2. Nc3 e5 3. Nf3 Nc6 4. e4 Bb4 5. d3 d6 6. a3 Bc5 7. b4 Bb6 8.
Na4 Bd4 9. Rb1 Bg4 10. Be2 Bxf3 11. Bxf3 Qe7 12. Be3 Nd8 13. Bxd4 exd4 14.
O-O O-O 15. g3 Nd7 16. Bg2 g5 17. c5 Ne6 18. e5 Nxe5 19. Bxb7 Rab8 20. Bg2
g4 21. Re1 f5 22. cxd6 cxd6 23. Qb3 Kh8 24. Qd5 f4 25. Nc5 Ng5 26. Qxd4 Qf6
27. Kh1 fxg3 28. fxg3 Ngf3 29. Bxf3 Qxf3+ 30. Kg1 Qf6 31. Kh1 Qf3+ 32. Kg1
Qf6 33. Kh1 Qf3+ 1/2-1/2

[Event "Airthings Masters - Preliminari"]
[Site "Internet"]
[Date "19.02.2022"]
[Round "1"]
[White "Esipenko, Andrey"]
[Black "Mamedyarov, Shakhriyar"]
[Result "1-0"]
[WhiteElo "2714"]
[BlackElo "2767"]
[EventDate "19.02.2022"]

1. e4 e5 2. Nf3 d6 3. d4 exd4 4. Nxd4 Nf6 5. Nc3 g6 6. Bg5 Bg7 7. Qd2 h6 8.
Bh4 O-O 9. O-O-O Nc6 10. Nxc6 bxc6 11. e5 g5 12. exf6 Qxf6 13. Bg3 Rb8 14.
Bc4 Be6 15. Bb3 c5 16. f4 c4 17. fxg5 Qf5 18. gxh6 Bh8 19. Rhf1 Qa5 20. h7+
Kxh7 21. Rf4 cxb3 22. Rh4+ Kg8 23. Qh6 1-0

[Event "Airthings Masters - Preliminari"]
[Site "Internet"]
[Date "19.02.2022"]
[Round "1"]
[White "Nepomniachtchi, Ian"]
[Black "Aronian, Levon"]
[Result "0-1"]
[WhiteElo "2773"]
[BlackElo "2772"]
[EventDate "19.02.2022"]

1. e4 e5 2. Nf3 Nc6 3. Bc4 Nf6 4. d3 Bc5 5. O-O O-O 6. h3 h6 7. Re1 Re8 8.
Nbd2 d6 9. c3 Be6 10. b4 Bb6 11. a4 a6 12. Bxe6 Rxe6 13. Nc4 d5 14. Nxb6
cxb6 15. Qb3 dxe4 16. dxe4 b5 17. axb5 axb5 18. Rxa8 Qxa8 19. Qc2 Qa4 20.
Qe2 Rd6 21. Nh4 Ne7 22. Nf5 Nxf5 23. exf5 Rd5 24. Be3 Qb3 25. Rc1 Qc4 26.
Qf3 Kh7 27. g4 Ne4 28. h4 Nd2 29. Qg3 Qe4 30. Kh2 Nf3+ 31. Kh3 Rd3 32. Qg2
f6 33. Ra1 Qc6 34. Rc1 Qe4 35. Ra1 Qc6 36. Rc1 Qd5 37. Qh1 e4 38. Kg2 Rxe3
39. fxe3 Qd2+ 40. Kg3 Qxe3 41. Qd1 Ne1+ 0-1

[Event "Airthings Masters - Preliminari"]
[Site "Internet"]
[Date "19.02.2022"]
[Round "1"]
[White "Kosteniuk, Alexandra"]
[Black "Duda, Jan-Krzysztof"]
[Result "0-1"]
[WhiteElo "2516"]
[BlackElo "2760"]
[EventDate "19.02.2022"]

1. e4 c5 2. Nf3 d6 3. Bb5+ Nd7 4. Ba4 a6 5. c4 Ngf6 6. Nc3 g6 7. O-O Bg7 8.
d3 O-O 9. h3 Rb8 10. Rb1 Ne8 11. Bg5 Nc7 12. Qd2 b5 13. Bc2 Nb6 14. b3 Qd7
15. Bh6 e5 16. Nh2 Ne6 17. Bxg7 Kxg7 18. Ne2 Qe7 19. f4 exf4 20. Nxf4 Nd4
21. Nf3 Nxf3+ 22. Rxf3 Qe5 23. Ne2 Bb7 24. Rf4 Nd7 25. Rbf1 Qe7 26. Ng3 Ne5
27. Qf2 Bc8 28. Ne2 Be6 29. Qg3 h6 30. Nc3 Qg5 31. Qe3 Rb7 32. Kh2 Nc6 33.
Ne2 Qe5 34. Ng3 Nd4 35. Bd1 a5 36. Kh1 a4 37. h4 axb3 38. axb3 Ra8 39. Qf2
Ra1 40. cxb5 Nxb5 41. Ne2 Rb1 42. Bc2 Rxf1+ 43. Qxf1 Ra7 44. Qf2 Ra2 45.
Bd1 Nc3 0-1

[Event "Airthings Masters - Preliminari"]
[Site "Internet"]
[Date "19.02.2022"]
[Round "1"]
[White "Keymer, Vincent"]
[Black "Ding Liren"]
[Result "0-1"]
[WhiteElo "2664"]
[BlackElo "2799"]
[EventDate "19.02.2022"]

1. Nf3 d5 2. g3 Nf6 3. Bg2 c5 4. O-O e6 5. d3 Be7 6. e4 O-O 7. a4 Nc6 8.
Qe2 dxe4 9. dxe4 e5 10. c3 h6 11. Na3 Qc7 12. Nc4 b6 13. Ne3 Na5 14. Nf5
Nb3 15. Rb1 Nxc1 16. Rbxc1 Re8 17. Nd2 Bf8 18. Rfd1 Bb7 19. c4 Bc6 20. b3
Rad8 21. Ne3 Rd4 22. Nd5 Nxd5 23. cxd5 Bd7 24. h4 Rb8 25. Nc4 a6 26. Kh2 b5
27. axb5 axb5 28. Ne3 c4 29. bxc4 b4 30. c5 Bxc5 31. Rxd4 exd4 32. Nc4 b3
33. e5 Bf5 34. d6 Qd7 35. Nb2 d3 36. Nxd3 Bxd3 37. Qxd3 b2 38. Rb1 Bxf2 39.
Qd2 Bxg3+ 40. Kxg3 Qf5 41. Qe1 Rb3+ 42. Kh2 Qf4+ 43. Kh1 Re3 44. Qf1 Qxh4+
45. Kg1 Rxe5 46. Qf2 Qd8 47. Qd4 Re6 48. d7 Rb6 49. Bh3 Rg6+ 50. Bg2 Rb6
51. Bh3 Rg6+ 52. Kf2 Rf6+ 53. Ke3 Qe7+ 54. Qe4 Qc5+ 55. Kd3 Qb5+ 56. Ke3
Qc5+ 57. Kd3 Qb5+ 58. Ke3 Qb6+ 59. Kd3 Rd6+ 60. Ke2 Qb5+ 61. Kf2 Qc5+ 62.
Kg3 Qc3+ 63. Qf3 Qe5+ 64. Kg2 Rd2+ 65. Kg1 Qc5+ 66. Kh1 Qc1+ 67. Qf1 Qc6+
68. Qg2 Qc1+ 69. Qg1 Qc6+ 70. Qg2 Qd6 71. Qa8+ Kh7 72. Bg2 Qxd7 73. Qe4+ g6
74. Kh2 Qd6+ 75. Kh3 Rd4 76. Qe2 Qf4 77. Bf3 Rd2 0-1

[Event "Airthings Masters - Preliminari"]
[Site "Internet"]
[Date "19.02.2022"]
[Round "1"]
[White "Praggnanandhaa, Rameshbabu"]
[Black "Le Quang Liem"]
[Result "1/2-1/2"]
[WhiteElo "2612"]
[BlackElo "2709"]
[EventDate "19.02.2022"]

1. e4 e5 2. Nf3 Nc6 3. Bc4 Nf6 4. d3 Be7 5. O-O O-O 6. Nc3 d6 7. a3 Be6 8.
Nd5 Nd4 9. Ng5 Bxd5 10. exd5 Nd7 11. Ne4 f5 12. Nd2 f4 13. c3 Nf5 14. Re1
Kh8 15. Nf3 Nh4 16. d4 Nxf3+ 17. Qxf3 Bf6 18. Bd3 g6 19. Re4 Bg7 20. Bd2
Qg5 21. Rae1 Nf6 22. R4e2 exd4 23. cxd4 Qxd5 24. Qxd5 Nxd5 25. Be4 c6 26.
Bxd5 cxd5 27. Re7 Bxd4 28. Rxb7 Rab8 29. Rxb8 Rxb8 30. b4 Be5 31. Rc1 Bb2
32. Rb1 Be5 33. Rc1 Bb2 34. Rb1 Be5 35. Rc1 1/2-1/2

[Event "Airthings Masters - Preliminari"]
[Site "Internet"]
[Date "19.02.2022"]
[Round "2"]
[White "Artemiev, Vladislav"]
[Black "Le Quang Liem"]
[Result "1-0"]
[WhiteElo "2700"]
[BlackElo "2709"]
[EventDate "19.02.2022"]

1. c4 Nf6 2. g3 c6 3. Bg2 d5 4. Nf3 Bg4 5. Ne5 Be6 6. cxd5 Bxd5 7. Nf3 c5
8. Nc3 Bc6 9. O-O e6 10. d4 Nbd7 11. e4 Nxe4 12. Nxe4 Bxe4 13. Re1 Bd5 14.
dxc5 Be7 15. b4 O-O 16. Bb2 a5 17. a3 b6 18. Nd4 Bxg2 19. Kxg2 axb4 20. Nc6
Qe8 21. axb4 Rxa1 22. Qxa1 Bf6 23. Bxf6 Nxf6 24. b5 bxc5 25. Qa7 Nd5 26.
Ra1 f6 27. Qxc5 Qh5 28. Kg1 Qe2 29. Nd4 Qb2 30. Re1 Qc3 31. Qxc3 Nxc3 32.
Rxe6 Rb8 33. Re3 Nd5 34. Ra3 Rb7 35. Kf1 Nc7 36. Rb3 Kf7 37. Ke2 g6 38. Kd3
Ke7 39. Kc4 Kd6 40. Rd3 Ke5 41. Re3+ Kd6 42. Rd3 Ke5 43. Kc5 Ne6+ 44. Nxe6
Kxe6 45. b6 1-0

[Event "Airthings Masters - Preliminari"]
[Site "Internet"]
[Date "19.02.2022"]
[Round "2"]
[White "Ding Liren"]
[Black "Niemann, Hans Moke"]
[Result "1/2-1/2"]
[WhiteElo "2799"]
[BlackElo "2642"]
[EventDate "19.02.2022"]

1. c4 e5 2. Nc3 Nf6 3. Nf3 Nc6 4. e4 Bb4 5. d3 d6 6. h3 a6 7. Be2 h6 8. O-O
O-O 9. Be3 Bc5 10. d4 Ba7 11. Qd3 Re8 12. Rad1 Bd7 13. Rfe1 Qe7 14. Bf1
exd4 15. Nxd4 Nxd4 16. Bxd4 Bxd4 17. Qxd4 Qe5 18. Qd2 Bc6 19. b4 a5 20. a3
axb4 21. axb4 Ra3 22. Rc1 Rb3 23. f4 Qh5 24. e5 dxe5 25. b5 Bd7 26. Qa2
Rxc3 27. Rxc3 exf4 28. Rxe8+ Bxe8 29. Rf3 Qe5 30. Qd2 g5 31. Qd8 Qc5+ 32.
Kh2 Kg7 33. Rd3 Qf2 34. Rf3 Qc5 35. Rd3 b6 36. Qd4 Qxd4 37. Rxd4 Bd7 38.
Be2 Kf8 39. g3 fxg3+ 40. Kxg3 Ke7 41. Bg4 Be6 42. Bxe6 Kxe6 43. Kf3 Ne8 44.
Re4+ Kd7 45. Rd4+ Ke6 46. Re4+ Kd7 47. Rd4+ Nd6 48. Kg4 Ke6 49. Kh5 f6 50.
Rd1 Nxc4 51. Rc1 Nd6 52. Rxc7 Nxb5 53. Rc6+ Kf5 54. Rxb6 Nc3 55. Kxh6 Ne4
56. Rb5+ Kf4 57. Kg6 Nf2 58. Rb3 Ne4 59. Ra3 f5 60. Ra5 Ng3 61. Ra4+ Ne4
62. Rb4 Kg3 63. Kxf5 Nf2 64. Rb3+ Kh4 65. Rb4+ Kxh3 66. Kxg5 Kg3 67. Rb3+
Kg2 68. Kf4 Nh3+ 69. Ke3 Kg3 70. Rb8 Kg4 71. Rb4+ Kf5 72. Rb5+ Kf6 73. Rc5
Ng5 74. Rxg5 Kxg5 1/2-1/2

[Event "Airthings Masters - Preliminari"]
[Site "Internet"]
[Date "19.02.2022"]
[Round "2"]
[White "Duda, Jan-Krzysztof"]
[Black "Keymer, Vincent"]
[Result "0-1"]
[WhiteElo "2760"]
[BlackElo "2664"]
[EventDate "19.02.2022"]

1. Nf3 d5 2. g3 Bg4 3. Bg2 c6 4. c4 e6 5. Qb3 Qb6 6. Qc2 Nd7 7. b3 a5 8.
Nc3 Ngf6 9. O-O Be7 10. Bb2 O-O 11. d3 Rfd8 12. h3 Bh5 13. g4 Bg6 14. Nh4
Nf8 15. Rad1 h5 16. Na4 Qa7 17. Bf3 hxg4 18. hxg4 b5 19. Nc3 bxc4 20. bxc4
Bh7 21. cxd5 cxd5 22. g5 Ne8 23. Qd2 a4 24. Ba1 Qa5 25. Qf4 Rac8 26. Bh5
Nd6 27. Qd4 Bxg5 28. Ne4 e5 29. Qxe5 f6 30. Qxd6 Rxd6 31. Nxd6 Rc7 32. Nf3
Bf4 33. Ne8 d4 34. Nxc7 Qxh5 35. Rc1 Qg6+ 36. Kh1 Bxc1 0-1

[Event "Airthings Masters - Preliminari"]
[Site "Internet"]
[Date "19.02.2022"]
[Round "2"]
[White "Aronian, Levon"]
[Black "Kosteniuk, Alexandra"]
[Result "1-0"]
[WhiteElo "2772"]
[BlackElo "2516"]
[EventDate "19.02.2022"]

1. e4 c6 2. d4 d5 3. exd5 cxd5 4. Bd3 Nc6 5. c3 Nf6 6. h3 Qc7 7. Nf3 g6 8.
O-O Bf5 9. Bb5 Bg7 10. Re1 O-O 11. Nbd2 a6 12. Bxc6 bxc6 13. Nb3 Rfe8 14.
Be3 Ne4 15. Nfd2 e5 16. Nxe4 dxe4 17. Qe2 a5 18. Rad1 exd4 19. Bxd4 Bf8 20.
Nc5 Bxc5 21. Bxc5 Qf4 22. Qc4 Rad8 23. Be3 Qc7 24. Rd4 Be6 25. Rxd8 Rxd8
26. Qxe4 Bxa2 27. Bd4 Rf8 28. Bc5 Rb8 29. Qh4 Qd8 30. Qh6 Be6 31. Bd4 Qf8
32. Qf4 h6 33. Bc5 Qd8 34. Qxh6 Bf5 35. g4 Bc2 36. Be7 Qe8 37. Re3 Qd7 38.
Bf6 1-0

[Event "Airthings Masters - Preliminari"]
[Site "Internet"]
[Date "19.02.2022"]
[Round "2"]
[White "Mamedyarov, Shakhriyar"]
[Black "Nepomniachtchi, Ian"]
[Result "0-1"]
[WhiteElo "2767"]
[BlackElo "2773"]
[EventDate "19.02.2022"]

1. d4 Nf6 2. c4 e6 3. Nf3 d5 4. Nc3 c5 5. cxd5 cxd4 6. Qxd4 exd5 7. e4 dxe4
8. Qxd8+ Kxd8 9. Ng5 Be6 10. Nxe6+ fxe6 11. Bg5 Nc6 12. O-O-O+ Ke8 13. Bb5
Rc8 14. Kb1 Bb4 15. Bxf6 gxf6 16. Nxe4 Ke7 17. a3 f5 18. axb4 fxe4 19. Rhe1
Rhf8 20. Rd2 Rcd8 21. Rxd8 Nxd8 22. Re2 Nf7 23. Ba4 Nd6 24. Bc2 h6 25. Kc1
Rf5 26. Kd2 Kf6 27. b3 b6 28. Ke1 Rb5 29. Bxe4 Rxb4 30. Bc2 Nb5 31. Re3 Nd4
32. Bd1 a5 33. Kd2 Nf5 34. Rh3 Rd4+ 35. Kc1 Kg7 36. Rc3 Rh4 37. h3 Rf4 38.
Rf3 Rb4 39. Bc2 Nd4 40. Rg3+ Kf7 41. Bd1 Kf6 42. Kd2 e5 43. Rc3 e4 44. h4
Ke5 45. g4 Kf4 46. Rg3 a4 47. bxa4 Rb2+ 48. Ke1 Nf3+ 49. Bxf3 exf3 50. g5
Rb1+ 51. Kd2 hxg5 52. Rxg5 Rf1 53. Rg6 Rxf2+ 54. Ke1 Ra2 55. h5 Rxa4 56. h6
Ra1+ 57. Kf2 Ra2+ 58. Kf1 b5 59. Kg1 Ra1+ 60. Kf2 Rh1 61. Rb6 Rh2+ 62. Kg1
Rh5 63. Kf2 Ke4 64. h7 Rh2+ 65. Kg1 f2+ 66. Kf1 Ke3 67. Re6+ Kd3 68. Re7 b4
69. Rd7+ Kc2 70. Rc7+ Kb2 71. Rb7 b3 72. Ke2 Kc2 73. Rc7+ Kb1 74. Rb7 b2
75. Kf1 Kc2 76. Rc7+ Kd3 77. Rd7+ Kc4 78. Rc7+ Kd5 79. Rb7 Rxh7 0-1

[Event "Airthings Masters - Preliminari"]
[Site "Internet"]
[Date "19.02.2022"]
[Round "2"]
[White "Giri, Anish"]
[Black "Esipenko, Andrey"]
[Result "1/2-1/2"]
[WhiteElo "2772"]
[BlackElo "2714"]
[EventDate "19.02.2022"]

1. e4 e5 2. Nf3 Nc6 3. Bb5 a6 4. Ba4 Nf6 5. O-O Be7 6. Bxc6 dxc6 7. d3 Nd7
8. Nc3 O-O 9. Be3 f6 10. h3 Bd6 11. Ne2 Nc5 12. Nd2 Ne6 13. Nc4 Be7 14. a4
a5 15. Qe1 Bb4 16. Bd2 Bxd2 17. Qxd2 b6 18. b3 Nd4 19. Nxd4 Qxd4 20. Ne3
Be6 21. Kh1 Rfd8 22. Rfd1 Qb4 23. Qe2 Qc3 24. Qe1 Qxe1+ 25. Rxe1 Rd4 26.
Nd1 Kf8 27. Nc3 Ke7 28. Ne2 Rdd8 29. f4 exf4 30. Nxf4 Bf7 31. Kg1 h5 32.
Kf2 h4 33. Ke3 c5 34. Rf1 Rh8 35. Rf2 Rae8 36. Kd2 Kd6 37. Ne2 Re5 38. Nc3
Be6 39. Nd1 f5 40. exf5 Rxf5 41. Rxf5 Bxf5 42. Ne3 Be6 43. Rf1 Ke5 44. Nc4+
Bxc4 45. bxc4 Rh6 46. Re1+ Kf4 47. Re4+ Kf5 48. Ke3 g5 49. c3 Re6 50. Rxe6
Kxe6 51. Ke4 Kd6 52. d4 Ke6 53. Ke3 Kf5 54. Kf3 Kf6 55. Ke4 Ke6 56. Ke3 Kf5
57. Kf3 Kf6 58. Ke4 Ke6 1/2-1/2

[Event "Airthings Masters - Preliminari"]
[Site "Internet"]
[Date "19.02.2022"]
[Round "2"]
[White "Carlsen, Magnus"]
[Black "Abdusattorov, Nodirbek"]
[Result "1/2-1/2"]
[WhiteElo "2865"]
[BlackElo "2651"]
[EventDate "19.02.2022"]

1. g3 Nf6 2. Bg2 d5 3. Nf3 g6 4. O-O Bg7 5. c4 dxc4 6. Na3 c5 7. Nxc4 Nc6
8. b3 O-O 9. Ba3 Ne4 10. Rc1 Nb4 11. Nfe5 Nd6 12. Nxd6 exd6 13. Bxb4 cxb4
14. Nd3 Qa5 15. Rc4 Bf5 16. Nxb4 Be6 17. Nc2 Bxc4 18. bxc4 Qxa2 19. Bd5
Rab8 20. Qb1 Qa5 21. Nb4 Qa4 22. Rc1 Rfc8 23. e3 a5 24. Nd3 b5 25. cxb5
Rxc1+ 26. Qxc1 Qxb5 27. Qc7 Rf8 28. Qxd6 a4 29. Nb4 a3 30. d4 Bf6 31. Ba2
Qb8 32. Qc5 Kg7 33. Nd5 Qb2 34. Nxf6 Qxa2 35. Qe5 Qb1+ 36. Kg2 Qb7+ 37. d5
Qb2 38. Ne8+ Kg8 39. Nf6+ Kh8 40. Qe7 Kg7 41. Nd7 Ra8 42. Ne5 Rf8 43. Nd7
Rc8 44. Ne5 Rf8 45. Nd7 1/2-1/2

[Event "Airthings Masters - Preliminari"]
[Site "Internet"]
[Date "19.02.2022"]
[Round "3"]
[White "Abdusattorov, Nodirbek"]
[Black "Artemiev, Vladislav"]
[Result "1/2-1/2"]
[WhiteElo "2651"]
[BlackElo "2700"]
[EventDate "19.02.2022"]

1. c4 e6 2. Nc3 d5 3. d4 h6 4. Nf3 Nf6 5. g3 Nc6 6. Bg2 Bd6 7. O-O O-O 8.
b3 dxc4 9. bxc4 e5 10. Rb1 exd4 11. Nxd4 Nxd4 12. Qxd4 Re8 13. Be3 Qe7 14.
Nb5 Be5 15. Qc5 Qxc5 16. Bxc5 Bf5 17. Rb3 Ne4 18. Bxe4 Bxe4 19. Re3 Bf5 20.
f4 Bf6 21. Nxc7 Rxe3 22. Bxe3 Rc8 23. Nb5 Be7 24. Rc1 a6 25. Nd4 Be4 26.
Nf3 Ba3 27. Rc3 Bb4 28. Rb3 Bxf3 29. Rxb4 Bxe2 30. c5 Bf3 31. Kf2 Bc6 32.
Rd4 Re8 33. g4 f5 34. h3 Kf7 35. Rd6 fxg4 36. hxg4 Re4 37. Rd4 g6 38. Rd6
Re6 39. Rxe6 Kxe6 40. f5+ gxf5 41. gxf5+ Kxf5 42. Bxh6 Ke4 43. Ke2 Kd4 44.
Kd2 Kxc5 45. Kc3 1/2-1/2

[Event "Airthings Masters - Preliminari"]
[Site "Internet"]
[Date "19.02.2022"]
[Round "3"]
[White "Esipenko, Andrey"]
[Black "Carlsen, Magnus"]
[Result "1-0"]
[WhiteElo "2714"]
[BlackElo "2865"]
[EventDate "19.02.2022"]

1. e4 e5 2. Nf3 Nc6 3. Bc4 Nf6 4. d3 Be7 5. O-O O-O 6. Nc3 d6 7. a4 a5 8.
Re1 Nb4 9. Ne2 Be6 10. Bxe6 fxe6 11. Ng3 Nc6 12. c3 Nd7 13. Be3 Nf6 14. d4
exd4 15. cxd4 d5 16. Ng5 Qd7 17. e5 Ne8 18. Nh3 Ra6 19. Qg4 Rb6 20. Nf4
Rxb2 21. Qxe6+ Qxe6 22. Nxe6 Rf7 23. Rec1 g6 24. Rab1 Rxb1 25. Rxb1 Nb4 26.
Ne2 c6 27. Bh6 Rf5 28. g4 Rf3 29. Be3 Kf7 30. N6f4 g5 31. Nh5 Kg8 32. Kg2
Rf8 33. h4 h6 34. Neg3 Kf7 35. Nf5 Rh8 36. Nxe7 Kxe7 37. hxg5 hxg5 38.
Bxg5+ Kf7 39. f4 Rg8 40. Kg3 Nc7 41. Nf6 Rg7 42. Bh6 Rg6 43. g5 Ne6 44. f5
Rxf6 1-0

[Event "Airthings Masters - Preliminari"]
[Site "Internet"]
[Date "19.02.2022"]
[Round "3"]
[White "Nepomniachtchi, Ian"]
[Black "Giri, Anish"]
[Result "1-0"]
[WhiteElo "2773"]
[BlackElo "2772"]
[EventDate "19.02.2022"]

1. e4 c5 2. Nf3 d6 3. d4 cxd4 4. Nxd4 Nf6 5. Nc3 a6 6. Be2 e5 7. Nb3 Be7 8.
O-O O-O 9. Be3 Be6 10. Re1 h6 11. Qd2 Nc6 12. Bf3 a5 13. Nd5 a4 14. Nc1
Bxd5 15. exd5 Nd4 16. Bxd4 exd4 17. Qxd4 Nd7 18. Nd3 a3 19. Qb4 axb2 20.
Rab1 Bf6 21. Nxb2 Rxa2 22. Nd3 Ne5 23. Be4 Ra7 24. Nxe5 Bxe5 25. g3 Qf6 26.
Re2 Bd4 27. Kg2 Bc5 28. Qb5 b6 29. Rb3 Qd8 30. Rf3 Re7 31. h4 h5 32. Qd3
Rfe8 33. Rf4 Qd7 34. Bf5 Qb7 35. Bh7+ Kf8 36. Rxe7 Rxe7 37. Bg6 Kg8 38.
Bxh5 Qd7 39. Bg4 Qe8 40. h5 Re1 41. Bf5 Kh8 42. Be4 f6 43. Bg6 Qa8 44. h6
Qa1 45. Qf5 Rg1+ 46. Kh3 Qf1+ 47. Kg4 Qd1+ 48. f3 Rxg3+ 49. Kxg3 Qg1+ 50.
Kh3 Qf1+ 51. Kg4 Qg2+ 52. Kh5 Qh2+ 53. Rh4 1-0

[Event "Airthings Masters - Preliminari"]
[Site "Internet"]
[Date "19.02.2022"]
[Round "3"]
[White "Kosteniuk, Alexandra"]
[Black "Mamedyarov, Shakhriyar"]
[Result "0-1"]
[WhiteElo "2516"]
[BlackElo "2767"]
[EventDate "19.02.2022"]

1. e4 d5 2. exd5 Qxd5 3. Nc3 Qa5 4. d4 Nf6 5. Nf3 Bf5 6. Bc4 e6 7. Bd2 Bb4
8. a3 Bxc3 9. Bxc3 Qb6 10. d5 Nbd7 11. Qe2 O-O 12. dxe6 Bxe6 13. Bxe6 Rae8
14. O-O Rxe6 15. Qc4 Ne4 16. Bd4 c5 17. Be3 Qxb2 18. Rab1 Qxa3 19. Rxb7 Nb6
20. Qd3 Qa4 21. h4 h6 22. Re1 Rfe8 23. Qb3 Qa6 24. Rc7 Nc4 25. Qb7 Qxb7 26.
Rxb7 a5 27. Ra7 Nc3 28. Ra1 Nxe3 29. fxe3 a4 30. Rc7 Rxe3 31. Rxc5 Ra8 32.
Nd4 g6 33. Kf2 Rh3 34. gxh3 Ne4+ 35. Ke3 Nxc5 36. Nb5 Rb8 37. c4 Re8+ 38.
Kf3 Rd8 39. Ke2 Kg7 40. h5 g5 41. Nc3 Re8+ 42. Kf3 Rb8 43. Nb5 Rd8 44. Re1
Rd2 45. Re7 Rd3+ 46. Re3 f5 47. Rxd3 Nxd3 48. Ke3 Nc5 49. Kd4 f4 50. Nc3 a3
51. Na2 Kf6 52. Nc1 f3 53. Ke3 f2 54. Ke2 Nd3 0-1

[Event "Airthings Masters - Preliminari"]
[Site "Internet"]
[Date "19.02.2022"]
[Round "3"]
[White "Keymer, Vincent"]
[Black "Aronian, Levon"]
[Result "1/2-1/2"]
[WhiteElo "2664"]
[BlackElo "2772"]
[EventDate "19.02.2022"]

1. Nf3 d5 2. g3 c5 3. Bg2 Nc6 4. d4 Nf6 5. O-O e6 6. c4 dxc4 7. dxc5 Qxd1
8. Rxd1 Bxc5 9. Nbd2 b5 10. a4 Ba6 11. Ng5 Nd5 12. Nde4 Bb4 13. Nc3 Bxc3
14. bxc3 b4 15. Ne4 O-O 16. Nc5 Bc8 17. cxb4 Ncxb4 18. Ba3 Nc2 19. Ra2 Nxa3
20. Rxa3 Rb8 21. e4 Nf6 22. Rc3 Rb4 23. Bf1 e5 24. f3 h5 25. Bxc4 Bh3 26.
Nd3 Rd8 27. Rcc1 Rxa4 28. Nxe5 Rxd1+ 29. Rxd1 Be6 30. Bxe6 fxe6 31. Rd8+
Kh7 32. h4 Ra5 33. Nd3 Ra3 34. Kf2 Nd5 35. Nc5 Ra2+ 36. Ke1 Ra1+ 37. Kd2
Ra2+ 38. Kc1 Ne3 39. Nxe6 Rc2+ 40. Kb1 Rc6 41. Nf8+ Kh6 42. e5 Rb6+ 43. Ka2
Nf5 44. g4 hxg4 45. fxg4 Nxh4 46. e6 Ng6 47. Rd5 Ra6+ 48. Kb3 Rb6+ 49. Ka4
Nf4 50. e7 Rb4+ 51. Ka3 Re4 52. Rd4 Re3+ 53. Ka4 Kg5 54. Rd7 Kf6 55. Nh7+
Kg6 56. Nf8+ Kf7 57. Rxa7 Rxe7 58. Rxe7+ Kxe7 59. Nh7 Ne6 60. Kb4 Kf7 61.
g5 Kg6 62. Nf6 Kxg5 63. Ne8 g6 64. Kc3 Kf4 65. Nf6 Kf3 66. Kd2 g5 67. Ke1
Nd4 68. Kf1 Nc6 69. Kg1 Ne5 70. Nh7 g4 71. Nf6 g3 72. Nh5 g2 73. Nf4 Kxf4
74. Kxg2 1/2-1/2

[Event "Airthings Masters - Preliminari"]
[Site "Internet"]
[Date "19.02.2022"]
[Round "3"]
[White "Niemann, Hans Moke"]
[Black "Duda, Jan-Krzysztof"]
[Result "1-0"]
[WhiteElo "2642"]
[BlackElo "2760"]
[EventDate "19.02.2022"]

1. d4 d5 2. Nc3 c5 3. e4 dxe4 4. d5 Nf6 5. Nge2 e6 6. Nf4 a6 7. dxe6 Qxd1+
8. Kxd1 fxe6 9. Na4 Bd7 10. Nb6 Ra7 11. Bc4 e5 12. Ne6 Nc6 13. Be3 Nd4 14.
Ng5 Bg4+ 15. Kd2 Bh5 16. Rae1 Bg6 17. f4 exf4 18. Bxf4 Be7 19. c3 Bd8 20.
Nc8 Ra8 21. Nd6+ Kd7 22. Nxb7 Bb6 23. cxd4 cxd4 24. Rc1 Rhe8 25. Bb3 e3+
26. Kd1 Ne4 27. Ba4+ Ke7 28. Nxe4 Bxe4 29. Bxe8 Rxe8 30. Nd6 Bxg2 31. Rg1
Bf3+ 32. Kc2 Rf8 33. Kd3 Ke6 34. Nc4 Bc5 35. Rg5 Rxf4 36. Re5+ Kf6 37. Rxc5
Bg4 38. Nd6 Kg6 39. Rg1 Kh6 40. Nf7+ Rxf7 41. Rxg4 Rf2 42. Rxd4 Rxb2 43.
Rd6+ g6 44. Rxa6 Rxh2 45. Kxe3 Rh3+ 46. Kf2 Rh2+ 47. Kg3 Rb2 48. a4 Rb3+
49. Kf4 Rb4+ 50. Ke3 1-0

[Event "Airthings Masters - Preliminari"]
[Site "Internet"]
[Date "19.02.2022"]
[Round "3"]
[White "Praggnanandhaa, Rameshbabu"]
[Black "Ding Liren"]
[Result "0-1"]
[WhiteElo "2612"]
[BlackElo "2799"]
[EventDate "19.02.2022"]

1. e4 e5 2. Nf3 Nc6 3. Bc4 Nf6 4. d3 Bc5 5. c3 d6 6. Bg5 h6 7. Bh4 a5 8.
Nbd2 Ba7 9. O-O g5 10. Bg3 O-O 11. a3 Nh7 12. h3 h5 13. d4 g4 14. hxg4 hxg4
15. Bh4 Qd7 16. Nh2 exd4 17. Be2 dxc3 18. Nc4 cxb2 19. Rb1 Ne5 20. Rxb2 Ng6
21. Bg3 Nf6 22. Ne3 Nxe4 23. Nhxg4 f5 24. Qd5+ Kg7 25. Bh2 Nc3 26. Qc4
Nxe2+ 27. Rxe2 fxg4 28. Nd5 Qc6 29. Qb3 Bf5 30. Ne7 Qd7 31. Rfe1 Bxf2+ 32.
Rxf2 Nxe7 0-1

[Event "Airthings Masters - Preliminari"]
[Site "Internet"]
[Date "19.02.2022"]
[Round "4"]
[White "Ding Liren"]
[Black "Le Quang Liem"]
[Result "1-0"]
[WhiteElo "2799"]
[BlackElo "2709"]
[EventDate "19.02.2022"]

1. d4 Nf6 2. c4 e6 3. Nf3 d5 4. Nc3 dxc4 5. e4 Bb4 6. Bxc4 Nxe4 7. O-O Nxc3
8. bxc3 Be7 9. Ne5 O-O 10. Qg4 Nc6 11. Re1 f5 12. Qf3 Nxe5 13. Rxe5 Kh8 14.
Bf4 Bd6 15. Re3 Bxf4 16. Qxf4 Qd6 17. Qxd6 cxd6 18. Bxe6 f4 19. Ree1 Bxe6
20. Rxe6 Rac8 21. Rxd6 Rxc3 22. Rd7 f3 23. Re1 h6 24. Rxb7 Rc2 25. g4 Rxa2
26. h3 Rc8 27. Rf7 Kg8 28. Ree7 Rc1+ 29. Kh2 Rxf2+ 30. Kg3 Rg2+ 31. Kh4 f2
32. Rxg7+ Kh8 33. Rh7+ Kg8 34. Reg7+ Kf8 35. Rxa7 Kg8 36. Rhg7+ Kh8 37.
Rgb7 Rc8 38. Rh7+ Kg8 39. Rag7+ Kf8 40. Rf7+ Kg8 41. Rhg7+ Kh8 42. Rg6 Rc7
43. Rxh6+ Kg8 44. Rf5 Rf7 45. Rg6+ Kf8 46. Rgf6 Rxf6 47. Rxf6+ Ke7 48. Rf5
Ke6 49. Kg5 1-0

[Event "Airthings Masters - Preliminari"]
[Site "Internet"]
[Date "19.02.2022"]
[Round "4"]
[White "Duda, Jan-Krzysztof"]
[Black "Praggnanandhaa, Rameshbabu"]
[Result "1-0"]
[WhiteElo "2760"]
[BlackElo "2612"]
[EventDate "19.02.2022"]

1. e4 e5 2. Nf3 Nc6 3. Bc4 Bc5 4. d3 Nf6 5. c3 d6 6. Bg5 h6 7. Bh4 a5 8.
Nbd2 Ba7 9. Bb3 O-O 10. h3 g5 11. Nxg5 hxg5 12. Bxg5 Kg7 13. f4 Qe8 14. f5
Rh8 15. Qf3 Nb8 16. h4 Nbd7 17. g4 b5 18. Nf1 a4 19. Bc2 Bb7 20. Ng3 Qg8
21. Bd2 Nxg4 22. Qxg4+ Kf8 23. Qf3 f6 24. h5 Ke7 25. Rh4 Qf7 26. Rg4 Rag8
27. Rg6 d5 28. b3 Bc6 29. Qg4 Nc5 30. Ke2 dxe4 31. Nxe4 Nxe4 32. dxe4 Be8
33. Rh1 Qh7 34. Rxg8 Rxg8 35. Qf3 axb3 36. axb3 Bf7 37. h6 Bc5 38. Be3 Bd6
39. Ra1 Qh8 40. Qh3 Ra8 41. Rxa8 Qxa8 42. h7 Qh8 43. Bh6 Bc5 44. b4 Bb6 45.
Kd2 Kd7 46. Be3 Bxe3+ 47. Kxe3 Ke7 48. Kd2 Kf8 49. Qh6+ Ke7 50. Bd3 c6 51.
Kc1 Be8 52. Bc2 Bf7 53. Kb2 Bc4 54. Bb3 Bxb3 55. Kxb3 Kf7 56. Qg6+ Kf8 57.
Kc2 Qg7 58. Kd3 Qh8 59. Ke2 Qg7 60. Kf3 Qh8 61. Kg4 Qg7 62. Kh5 Qh8 63. Kh6
1-0